| 000 | 00408nam a2200157 4500 | ||
|---|---|---|---|
| 001 | 121375 | ||
| 003 | ES-MaACL | ||
| 005 | 20230906191738.0 | ||
| 007 | t| | ||
| 008 | 070214s1961 sp r ||||1| cat d | ||
| 100 | 1 |
_aPla, Walda. _992481 |
|
| 245 | 1 | 0 |
_aSalt d'euga _b: novel-la / _cWalda Pla. |
| 260 |
_aBarcelona : _bDalmau, _c1961. |
||
| 300 |
_a208 p. ; _c18 cm. |
||
| 852 |
_aES-MaACL _jG-8742 _bR.48391 |
||
| 999 |
_c121375 _d121375 |
||